Presupuesto general del Estado: distribución del excedente y crisis /
sin resumen
Guardado en:
| Hovedforfatter: | |
|---|---|
| Format: | Ukendt |
| Udgivet: |
Cuenca:
Universidad de Cuenca. IDES
|
| Fag: | |
| Tags: |
Tilføj Tag
Ingen Tags, Vær først til at tagge denne postø!
|
MARC
| LEADER | 00000 a2200000 04500 | ||
|---|---|---|---|
| 001 | 633 | ||
| 003 | |||
| 008 | 991231s d | ||
| 040 | |||
| 020 | |a [sin ISBN] | ||
| 022 | |a [sin ISBN] | ||
| 090 | |a 103002 | ||
| 100 | |a Fernández Avilés, Gladys | ||
| 245 | |a Presupuesto general del Estado: distribución del excedente y crisis / |c Gladys Fernández Avilés | ||
| 260 | |a Cuenca: |b Universidad de Cuenca. IDES | ||
| 300 | |a 184 páginas | ||
| 520 | |a sin resumen | ||
| 650 | |a POLITICA ECONOMICA | ||
| 650 | |a PLANIFICACION | ||
| 650 | |a INGRESOS PUBLICOS | ||
| 650 | |a PRESUPUESTO NACIONAL | ||
| 650 | |a POLITICA PRESUPUESTARIA | ||
| 650 | |a INGRESOS PUBLICOS | ||
| 650 | |a PRESUPUESTO NACIONAL | ||
| 999 | |c 6078 |d 6078 | ||
